| 000 | 00614cam a2200217 a 4500 | ||
|---|---|---|---|
| 001 | 6420791 | ||
| 003 | GBCCL | ||
| 005 | 20241126110408.0 | ||
| 008 | 031028s2002 ii b 000 0 eng d | ||
| 035 | _a(OCoLC)ocn688905649 | ||
| 035 | _a6420791 | ||
| 040 |
_aCtY-D _cCtY-D |
||
| 082 |
_a266.001 _bPON |
||
| 100 | 1 |
_aPonraj, S. Devasagayam. _9407 |
|
| 245 | 1 | 0 |
_aBiblical models for strategic mission / _cS.D. Ponraj. |
| 260 |
_aChennai, India : _bMission Educational Books, _c2002. |
||
| 300 |
_a192 p. ; _c22 cm. |
||
| 650 | 0 |
_aMissions _zIndia. _952 |
|
| 650 | 0 |
_aChurch work _zIndia. _93530 |
|
| 942 |
_2ddc _cBK _022 |
||
| 999 |
_c1720 _d1720 |
||